| Tag |
First Indicator |
Second Indicator |
Subfields |
| LEADER |
00000cam a22000001a 4500 |
| 001 |
in00003287213 |
| 006 |
m d f |
| 007 |
cr bn mmmapmmp |
| 008 |
110909s2006 dcu o f000 0 eng d |
| 005 |
20260604205813.9 |
| 035 |
|
|
|a chdc200601415
|
| 040 |
|
|
|a ProQuest
|c ProQuest
|d UtOrBLW
|
| 043 |
|
|
|a n-us---
|
| 074 |
|
|
|a 1042-A
|
| 074 |
|
|
|a 1042-A (online)
|
| 074 |
|
|
|a 1042-B (MF)
|
| 074 |
|
|
|a 1042-B (online)
|
| 088 |
|
|
|a Serial no. J-109-41 (United States. Congress. Senate. Committee on the Judiciary)
|
| 099 |
|
|
|a HRG-2005-SJS-0066
|
| 110 |
1 |
|
|a United States.
|b Congress.
|b Senate.
|b Committee on the Judiciary.
|
| 245 |
1 |
0 |
|a Confirmation hearing on the nominations of James O'Gara, to be Deputy Director for Supply Reduction, Office of National Drug Control Policy, Julie Myers, to be Assistant Secretary for Immigration and Customs Enforcement, Department of Homeland Security, and Emilio Gonzalez, to be Director of the Bureau of Citizenship and Immigration Services, Department of Homeland Security :
|b hearing before the Committee on the Judiciary, United States Senate, One Hundred Ninth Congress, first session, October 18, 2005.
|
| 264 |
|
1 |
|a Washington :
|b U.S. G.P.O. :
|c 2006.
|
| 264 |
|
2 |
|a Washington :
|b For sale by the Supt. of Docs., U.S. G.P.O.,
|
| 300 |
|
|
|a 1 online resource.
|
| 336 |
|
|
|a text
|b txt
|2 rdacontent
|
| 337 |
|
|
|a computer
|b c
|2 rdamedia
|
| 338 |
|
|
|a online resource
|b cr
|2 rdacarrier
|
| 490 |
1 |
|
|a S. hrg. ;
|v 109-390
|
| 500 |
|
|
|a Distributed to some depository libraries in microfiche.
|
| 500 |
|
|
|a Shipping list number: 2006-0253-P.
|
| 500 |
|
|
|a "Serial number J-109-41."
|
| 530 |
|
|
|a Also available via Internet from the GPO Access web site. Addresses as of 6/27/06: http://frwebgate.access.gpo.gov/cgi-bin/getdoc.cgi?dbname=109%5Fsenate%5Fhearings&docid=f:27442.pdf; current access is available via PURL.
|
| 500 |
|
|
|a Reuse of record except for individual research requires license from ProQuest, LLC.
|
| 500 |
|
|
|a Electronic resource.
|
| 538 |
|
|
|a System requirements: PDF reader software.
|
| 600 |
1 |
0 |
|a O'Gara, James,
|d 1965-
|
| 600 |
1 |
0 |
|a Myers, Julie Lyn,
|d 1969-
|
| 600 |
1 |
0 |
|a Gonzalez, Emilio T.
|
| 610 |
1 |
0 |
|a United States.
|b Office of National Drug Control Policy
|x Officials and employees
|x Selection and appointment.
|
| 610 |
1 |
0 |
|a United States.
|b Department of Homeland Security
|x Officials and employees
|x Selection and appointment.
|
| 655 |
|
7 |
|a Electronic books.
|2 local
|
| 710 |
2 |
|
|a ProQuest (Firm)
|
| 776 |
0 |
8 |
|i Print version:
|a United States.Congress.Senate.Committee on the Judiciary.
|t Confirmation hearing on the nominations of James O'Gara, to be Deputy Director for Supply Reduction, Office of National Drug Control Policy, Julie Myers, to be Assistant Secretary for Immigration and Customs Enforcement, Department of Homeland Security, and Emilio Gonzalez, to be Director of the Bureau of Citizenship and Immigration Services, Department of Homeland Security
|w (DLC)2006460086
|w (OCoLC)ocm70160151
|z 0160762898
|
| 776 |
0 |
8 |
|i Microfiche version:
|a United States.Congress.Senate.Committee on the Judiciary.
|t Confirmation hearing on the nominations of James O'Gara, to be Deputy Director for Supply Reduction, Office of National Drug Control Policy, Julie Myers, to be Assistant Secretary for Immigration and Customs Enforcement, Department of Homeland Security, and Emilio Gonzalez, to be Director of the Bureau of Citizenship and Immigration Services, Department of Homeland Security
|d [Bethesda, Md.] : ProQuest LLC, [2004]
|o CIS 2006 S521-32
|w (ProQuest)cis00603033
|
| 810 |
1 |
|
|a United States.
|b Congress.
|b Senate.
|t S. hrg. ;
|v 109-390.
|
| 830 |
|
0 |
|a U.S. Congressional Hearings.
|
| 856 |
4 |
0 |
|u http://proxy.library.tamu.edu/login?url=https://congressional.proquest.com/congcomp/getdoc?HEARING-ID=HRG-2005-SJS-0066
|z Connect to the full text of this electronic book
|t 0
|
| 998 |
|
|
|a cis00603033
|
| 999 |
|
|
|a MARS
|
| 999 |
f |
f |
|s 7b68d56a-e751-3ce8-8628-b3ac9a563a42
|i eb4d5503-880f-3079-bda9-d92baff3905e
|t 0
|
| 952 |
f |
f |
|a Texas A&M University
|b College Station
|c Electronic Resources
|s www_evans
|d Available Online
|t 0
|e HRG-2005-SJS-0066
|h Other scheme
|
| 998 |
f |
f |
|a HRG-2005-SJS-0066
|t 0
|l Available Online
|